000 00485nam a2200205Ia 4500
005 20240823062126.0
008 240823s9999||||xx |||||||||||||| ||und||
020 _a978-81-908388-1-8
041 _aENGLISH
082 _A519 Q6
100 _aJohn J
245 0 _aEngineering Mathematics-II
250 _a5th
260 _c2016
_bJaison Publica
500 _aYES
650 _aEngineering Mathematics
_bMathematics
700 _aArockiamary A
942 _cBK
999 _c235146
_d235146